[Event "UZB-ch (Women)"]
[Site "Tashkent"]
[Date "2016.03.13"]
[Round "4"]
[White "Kurbonboeva, Sarvinoz"]
[Black "Kakhramonova, Mokhinur"]
[Result "1-0"]
[WhiteElo "2172"]
[BlackElo "2013"]
[PlyCount "103"]
[EventDate "2016.03.10"]
[EventType "tourn"]
[EventRounds "11"]
[EventCountry "UZB"]
[SourceTitle "CBM 171 Extra"]
[Source "ChessBase"]
[SourceDate "2016.04.26"]
[SourceVersion "1"]
[SourceVersionDate "2016.04.26"]
[SourceQuality "1"]

1. d4 d5 2. c4 e6 3. Nf3 c6 4. Nc3 Nf6 5. Bg5 Be7 6. e3 0-0 7. cxd5 exd5 8. Qc2 Nh5 9. Bxe7 Qxe7 10. 0-0-0 f5 11. Bd3 g6 12. Rde1 Be6 13. h3 Nd7 14. g4 fxg4 15. hxg4 Bxg4 16. Nh4 Rf6 17. f3 Bxf3 18. Nxf3 Ng3 19. Qg2 Nxh1 20. Qxh1 Raf8 21. Nd2 b5 22. e4 dxe4 23. Ncxe4 Rf4 24. Bc2 Qh4 25. Bb3+ Kh8 26. Qxh4 Rxh4 27. Ng5 Nb6 28. Ndf3 Rh5 29. Re7 a5 30. Be6 Nd5 31. Ra7 a4 32. Kd2 Nf4 33. Bg4 Rh1 34. Ke3 Nd5+ 35. Kf2 Nf6 36. Be6 Rb1 37. Kg2 Rxb2+ 38. Kh3 Rb1 39. Ne5 Rh1+ 40. Kg2 Rh5 41. Nxh7 Rxe5 42. Nxf8 Rg5+ 43. Kf3 b4 44. Kf4 Rg1 45. Ke5 b3 46. axb3 axb3 47. Kxf6 Rf1+ 48. Kxg6 Rh1 49. Kf6 Rf1+ 50. Bf5 b2 51. Ng6+ Kg8 52. Rg7# 1-0

[Event "Dushanbe zt 3.4 (Women)"]
[Site "Dushanbe"]
[Date "2015.06.12"]
[Round "9"]
[White "Kakhramonova, Mokhinur"]
[Black "Kurbonboeva, Sarvinoz"]
[Result "0-1"]
[WhiteElo "2035"]
[BlackElo "2242"]
[PlyCount "104"]
[EventDate "2015.06.04"]
[EventType "swiss"]
[EventRounds "9"]
[EventCountry "TJK"]
[SourceTitle "CBM 167 Extra"]
[Source "ChessBase"]
[SourceDate "2015.09.14"]
[SourceVersion "1"]
[SourceVersionDate "2015.09.14"]
[SourceQuality "1"]

1. e4 c5 2. Nf3 d6 3. d4 cxd4 4. Nxd4 Nf6 5. Nc3 e6 6. Be2 a6 7. Be3 Qc7 8. a4 Nc6 9. 0-0 Be7 10. Qd2 0-0 11. f4 Na5 12. Qd3 Nc6 13. Bf3 e5 14. Nxc6 bxc6 15. a5 exf4 16. Bxf4 Nd7 17. Be2 Ne5 18. Qd2 Bb7 19. Na4 Rad8 20. Nb6 Rfe8 21. Rae1 Bf6 22. c4 Ng6 23. Bh5 Nxf4 24. Rxf4 Re5 25. Rf5 Qe7 26. Bf3 g6 27. Rxe5 Bxe5 28. Rd1 Qh4 29. h3 c5 30. Qc2 Re8 31. Nd5 Bd4+ 32. Kh1 Bxd5 33. cxd5 f5 34. Qa4 Re7 35. Rxd4 cxd4 36. Qxd4 fxe4 37. Bg4 Re5 38. Qa7 Qe7 39. Qxa6 Kg7 40. Be6 e3 41. Qe2 Qa7 42. a6 Re4 43. Kh2 Ra4 44. Bc8 Qd4 45. Be6 Qe5+ 46. g3 Ra2 47. Kh1 Rxb2 48. Qf3 Rb1+ 49. Kh2 Qb2+ 50. Qg2 Qxg2+ 51. Kxg2 e2 52. a7 e1Q 0-1

[Event "Dushanbe zt 3.4 (Women)"]
[Site "Dushanbe"]
[Date "2015.06.04"]
[Round "1"]
[White "Tokhirjonova, Gulruhbegim"]
[Black "Kakhramonova, Mokhinur"]
[Result "1-0"]
[WhiteElo "2246"]
[BlackElo "2035"]
[PlyCount "51"]
[EventDate "2015.06.04"]
[EventType "swiss"]
[EventRounds "9"]
[EventCountry "TJK"]
[SourceTitle "CBM 167 Extra"]
[Source "ChessBase"]
[SourceDate "2015.09.14"]
[SourceVersion "1"]
[SourceVersionDate "2015.09.14"]
[SourceQuality "1"]

1. d4 d5 2. Nc3 Nf6 3. Bf4 Bf5 4. f3 h5 5. e3 c6 6. Bd3 e6 7. Nge2 h4 8. e4 dxe4 9. fxe4 Bg4 10. h3 Bh5 11. Qd2 Bb4 12. a3 Ba5 13. b4 Bb6 14. Be3 Bxe2 15. Nxe2 a5 16. 0-0 Qe7 17. e5 Nd5 18. Bg5 f6 19. Bg6+ Kd8 20. c4 fxg5 21. cxd5 cxd5 22. Rf7 Qe8 23. Qxg5+ Kc8 24. Rc1+ Nc6 25. b5 Bd8 26. Qg4 1-0

[Event "UZB-ch (Women)"]
[Site "Tashkent"]
[Date "2015.05.11"]
[Round "7"]
[White "Kakhramonova, Mokhinur"]
[Black "Gevorgyan, Irina"]
[Result "1/2-1/2"]
[WhiteElo "2012"]
[BlackElo "2185"]
[PlyCount "57"]
[EventDate "2015.05.05"]
[EventType "tourn"]
[EventRounds "9"]
[EventCountry "UZB"]
[SourceTitle "CBM 166 Extra"]
[Source "ChessBase"]
[SourceDate "2015.06.18"]
[SourceVersion "1"]
[SourceVersionDate "2015.06.18"]
[SourceQuality "1"]

1. e4 c5 2. Nf3 e6 3. d4 cxd4 4. Nxd4 Nc6 5. c4 Nf6 6. Nc3 Qc7 7. Nxc6 dxc6 8. Be2 e5 9. Be3 Bb4 10. Qc2 0-0 11. f3 Be6 12. 0-0 Nd7 13. a3 Bc5 14. Bxc5 Nxc5 15. b4 Nd7 16. Rfd1 Rfd8 17. c5 Nf8 18. Rxd8 Rxd8 19. Rd1 Ng6 20. g3 h5 21. Rxd8+ Qxd8 22. h4 Qd4+ 23. Kg2 Nf8 24. Qd3 f6 25. f4 Bg4 26. Qc4+ Qxc4 27. Bxc4+ Be6 28. Be2 g6 29. Bd3 1/2-1/2

[Event "UZB-ch (Women)"]
[Site "Tashkent"]
[Date "2015.05.06"]
[Round "2"]
[White "Abdusattorova, Bakhora"]
[Black "Kakhramonova, Mokhinur"]
[Result "1-0"]
[WhiteElo "2234"]
[BlackElo "2012"]
[PlyCount "98"]
[EventDate "2015.05.05"]
[EventType "tourn"]
[EventRounds "9"]
[EventCountry "UZB"]
[SourceTitle "CBM 166 Extra"]
[Source "ChessBase"]
[SourceDate "2015.06.18"]
[SourceVersion "1"]
[SourceVersionDate "2015.06.18"]
[SourceQuality "1"]

1. Nf3 d5 2. g3 c5 3. d4 cxd4 4. Nxd4 e5 5. Nb3 Nc6 6. Bg2 Be6 7. 0-0 Qd7 8. Nc3 Rd8 9. e4 dxe4 10. Qxd7+ Rxd7 11. Bxe4 Bb4 12. Be3 Nd4 13. Bxd4 exd4 14. Ne2 Nf6 15. Bd3 Bxb3 16. axb3 a6 17. Ra4 Bc5 18. Rc4 Bb6 19. Bf5 Rd8 20. Rd1 0-0 21. Nxd4 Rd5 22. Bh3 Rfd8 23. c3 g6 24. Bg2 R5d7 25. Rb4 Bxd4 26. Rbxd4 Rxd4 27. Rxd4 Rxd4 28. cxd4 b6 29. Kf1 Kf8 30. Ke2 Ke7 31. Kd3 Kd6 32. h3 Ne8 33. Ke4 f6 34. Bf1 a5 35. Bc4 Ng7 36. g4 h6 37. Bf7 g5 38. f4 Ke7 39. Bg8 Kd6 40. Bc4 Kc6 41. Bf7 Kd6 42. f5 Kc6 43. Kd3 b5 44. Ke4 a4 45. bxa4 bxa4 46. Kd3 Kb5 47. Kc3 Ka5 48. Kc4 Kb6 49. Kb4 Kc6 1-0

[Event "Olympiad Women-41"]
[Site "Tromsoe"]
[Date "2014.08.02"]
[Round "1.3"]
[White "Kakhramonova, Mokhinur"]
[Black "Fernandez, Mirna Graciela"]
[Result "1-0"]
[WhiteElo "2044"]
[BlackElo "1521"]
[PlyCount "47"]
[EventDate "2014.08.02"]
[EventType "team-swiss"]
[EventRounds "11"]
[EventCountry "NOR"]
[SourceTitle "CBM 162"]
[Source "ChessBase"]
[SourceDate "2014.09.17"]
[SourceVersion "1"]
[SourceVersionDate "2014.09.17"]
[SourceQuality "1"]
[WhiteTeam "Uzbekistan (W)"]
[BlackTeam "Honduras (W)"]
[WhiteTeamCountry "UZB"]
[BlackTeamCountry "HON"]

1. e4 e5 2. Nf3 Nc6 3. Bc4 Bc5 4. c3 Nf6 5. d3 h6 6. 0-0 0-0 7. Re1 Re8 8. Bb3 d5 9. Qe2 Bg4 10. Nbd2 Qd7 11. exd5 Nxd5 12. Ne4 Nb6 13. Nxc5 Qc8 14. h3 Bh5 15. Ne4 Qd7 16. Bxh6 Qd8 17. Bg5 Qc8 18. Ng3 Bg6 19. Nh4 Bh7 20. Qh5 Qd7 21. Ne4 Na5 22. Nc5 g6 23. Qh6 Qe7 24. Bxe7 1-0

[Event "UZB-ch (Women)"]
[Site "Tashkent"]
[Date "2014.03.29"]
[Round "6"]
[White "Nadirjanova, Nodira"]
[Black "Kakhramonova, Mokhinur"]
[Result "0-1"]
[WhiteElo "2140"]
[BlackElo "1965"]
[PlyCount "128"]
[EventDate "2014.03.24"]
[EventType "tourn"]
[EventRounds "11"]
[EventCountry "UZB"]
[SourceTitle "CBM 159 Extra"]
[Source "ChessBase"]
[SourceDate "2014.04.24"]
[SourceVersion "1"]
[SourceVersionDate "2014.04.24"]
[SourceQuality "1"]

1. d4 d5 2. Nf3 Nf6 3. c4 e6 4. e3 c6 5. b3 Nbd7 6. Bd3 Bd6 7. Bb2 0-0 8. Nbd2 Qe7 9. Ne5 Ne8 10. Qc2 f5 11. 0-0 Nef6 12. f3 Bc7 13. Rae1 Bb6 14. c5 Bc7 15. b4 a5 16. a3 axb4 17. axb4 Nxe5 18. dxe5 Nd7 19. f4 b6 20. Nb3 bxc5 21. bxc5 Ba6 22. Bxa6 Rxa6 23. Ra1 Rfa8 24. Rxa6 Rxa6 25. Rc1 Kf7 26. Bd4 Qd8 27. Rb1 Qa8 28. Nc1 Ke7 29. Qf2 Nf8 30. Qh4+ Kd7 31. Qh5 g6 32. Qh6 Qd8 33. Nd3 Qe7 34. Qh3 Ra5 35. Qf3 Qd8 36. Qd1 Qa8 37. Bc3 Ra3 38. Bb4 Ra2 39. Be1 Qa4 40. Qxa4 Rxa4 41. Bh4 Ra3 42. Nb4 Rxe3 43. Na6 Kc8 44. Be7 Nd7 45. Ra1 Bd8 46. Bd6 Rb3 47. h3 Kb7 48. Ra4 Rb5 49. Ra2 Ba5 50. g4 Kxa6 51. gxf5 gxf5 52. Rg2 Nxc5 53. Rg8 Rb1+ 54. Kg2 Rb2+ 55. Kf1 Nd3 56. Rf8 Nxf4 57. Ra8+ Kb5 58. Rb8+ Bb6 59. Bc7 Kc5 60. h4 Nd3 61. Bd6+ Kd4 62. Rg8 Ke3 63. Kg1 Kf3+ 64. Kh1 Nf2+ 0-1

[Event "Asia-ch U18 Girls"]
[Site "Sari"]
[Date "2013.06.25"]
[Round "7"]
[White "Atabayeva, Gozel"]
[Black "Kakhramonova, Mokhinur"]
[Result "1-0"]
[WhiteElo "2066"]
[BlackElo "2005"]
[PlyCount "85"]
[EventDate "2013.06.21"]
[EventType "swiss"]
[EventRounds "7"]
[EventCountry "IRI"]
[SourceTitle "EXT 2015"]
[Source "ChessBase"]
[SourceDate "2014.11.20"]
[SourceVersion "1"]
[SourceVersionDate "2014.11.20"]
[SourceQuality "1"]

1. e4 c6 2. d4 Qc7 3. g3 g6 4. Bg2 Bg7 5. Ne2 d6 6. 0-0 Nd7 7. Nbc3 e5 8. Be3 Ngf6 9. h3 0-0 10. a4 a6 11. a5 h6 12. Qd2 Kh7 13. Rfd1 exd4 14. Nxd4 Ne5 15. Qe2 c5 16. Nb3 Be6 17. f4 Nc6 18. e5 dxe5 19. Bxc5 Rfd8 20. Rxd8 Qxd8 21. Bb6 Qc8 22. fxe5 Nh5 23. Bxc6 Qxc6 24. Nd4 Qc4 25. g4 Nf4 26. Qe3 g5 27. b3 Qc8 28. Nxe6 Qxe6 29. Bd4 Rd8 30. Ra4 Qc6 31. Qg3 Bxe5 32. Bxe5 Rd2 33. Bxf4 gxf4 34. Rxf4 Qc5+ 35. Kh1 Qxa5 36. Rxf7+ Kg8 37. Rf1 Qb6 38. Qb8+ Rd8 39. Qf4 Qc6+ 40. Qf3 Rf8 41. Qxc6 Rxf1+ 42. Kg2 bxc6 43. Kxf1 1-0

[Event "Asia-ch U18 Girls"]
[Site "Sari"]
[Date "2013.06.22"]
[Round "1"]
[White "Kakhramonova, Mokhinur"]
[Black "Khademalsharieh, Sarasadat"]
[Result "1-0"]
[WhiteElo "2005"]
[BlackElo "2315"]
[PlyCount "22"]
[EventDate "2013.06.21"]
[EventType "swiss"]
[EventRounds "7"]
[EventCountry "IRI"]
[SourceTitle "EXT 2015"]
[Source "ChessBase"]
[SourceDate "2014.11.20"]
[SourceVersion "1"]
[SourceVersionDate "2014.11.20"]
[SourceQuality "1"]

1. e4 e5 2. Nf3 Nc6 3. Bc4 Bc5 4. c3 Nf6 5. d3 a6 6. Bb3 Ba7 7. Nbd2 0-0 8. h3 d5 9. Qe2 Be6 10. Nf1 Qd6 11. Bg5 Nd7 1-0

[Event "Agzamov Memorial 07th"]
[Site "Tashkent"]
[Date "2013.04.14"]
[Round "1"]
[White "Ziatdinov, Raset"]
[Black "Kakhramonova, Mokhinur"]
[Result "1/2-1/2"]
[WhiteElo "2356"]
[BlackElo "1952"]
[PlyCount "166"]
[EventDate "2013.04.14"]
[EventType "swiss"]
[EventRounds "9"]
[EventCountry "UZB"]
[SourceTitle "CBM 154 Extra"]
[Source "ChessBase"]
[SourceDate "2013.06.25"]
[SourceVersion "2"]
[SourceVersionDate "2013.06.25"]
[SourceQuality "1"]

1. e4 c6 2. d4 d6 3. Nf3 Nd7 4. Be2 g6 5. 0-0 Bg7 6. Nc3 Qc7 7. a4 Ngf6 8. b3 0-0 9. Ba3 Re8 10. Re1 a6 11. Qd2 c5 12. Rad1 cxd4 13. Nxd4 Nc5 14. Bf1 b6 15. b4 Ne6 16. Nb3 Bb7 17. Nd5 Nxd5 18. exd5 Bc3 19. Qe3 Bxe1 20. dxe6 Bc3 21. exf7+ Kxf7 22. b5 Bf6 23. Nd4 axb5 24. Qb3+ d5 25. Nxb5 Qf4 26. c4 dxc4 27. Bxc4+ Kg7 28. Nd4 Qg4 29. Bf1 Kh8 30. h3 Qe4 31. Qxb6 Ra5 32. Nb5 Ra6 33. Qc7 Be5 34. Qc1 Rf6 35. Re1 Qf5 36. Qc5 Bd5 37. Rxe5 Qxe5 38. Nc7 Rc8 39. Qxd5 Qxc7 40. Bb2 Rcf8 41. Bc4 Qf4 42. Bd4 Kg7 43. g4 h6 44. Bd3 Kh7 45. Bxf6 Qxf6 46. Qc5 Qd6 47. Qe3 Kg7 48. Bc2 Rf6 49. g5 hxg5 50. Qxg5 Qf4 51. Qxf4 Rxf4 52. Kg2 Kf6 53. Kg3 Rc4 54. Bb1 g5 55. f3 Ke5 56. Bh7 Rh4 57. Bb1 Kd4 58. Be4 e5 59. Bb7 Ke3 60. Bc6 Rc4 61. Bb7 Rc1 62. Kg4 Rg1+ 63. Kf5 Kd4 64. Be4 Rg3 65. Kf6 Rxh3 66. Kxg5 Rh2 67. Kf5 Rh3 68. Kg5 Rh2 69. Kf5 Rh4 70. Bb7 Rh5+ 71. Ke6 Ke3 72. Be4 Kf4 73. Kd6 Rh1 74. Ke6 Rd1 75. Bb7 Rb1 76. Be4 Rb4 77. Ba8 Rxa4 78. Bb7 Ra7 79. Be4 Ra6+ 80. Ke7 Ra4 81. Bd5 Kf5 82. Bc6 Ra6 83. Be4+ Kg5 1/2-1/2

[Event "UZB-ch U20 Girls"]
[Site "Novbahor"]
[Date "2012.09.06"]
[Round "1"]
[White "Parpieva, Nodirabegim"]
[Black "Kakhramonova, Mokhinur"]
[Result "0-1"]
[WhiteElo "1822"]
[BlackElo "1901"]
[PlyCount "86"]
[EventDate "2012.09.06"]
[EventType "tourn"]
[EventRounds "9"]
[EventCountry "UZB"]
[SourceTitle "EXT 2013"]
[Source "ChessBase"]
[SourceDate "2012.11.22"]
[SourceVersion "1"]
[SourceVersionDate "2012.11.22"]
[SourceQuality "1"]

1. e4 c6 2. d4 g6 3. Nc3 Bg7 4. f4 d6 5. Nf3 Nd7 6. Bd3 e5 7. dxe5 dxe5 8. f5 gxf5 9. exf5 Nc5 10. 0-0 Nxd3 11. Qxd3 Qxd3 12. cxd3 Bxf5 13. Nxe5 Ne7 14. d4 Rd8 15. Be3 c5 16. Ne2 Be6 17. Rac1 Nf5 18. Nxf7 Nxe3 19. Nxd8 Kxd8 20. Rf4 Nd5 21. Rff1 cxd4 22. Rfd1 Bg4 23. Nxd4 Bxd1 24. Ne6+ Ke7 25. Nxg7 Bg4 26. Rc4 h5 27. h3 Bxh3 28. Re4+ Kf7 29. gxh3 Kxg7 30. Re5 Nf4 31. Re7+ Kf6 32. Rxb7 Nxh3+ 33. Kh2 Nf4 34. Rxa7 h4 35. b4 Kg5 36. Rg7+ Kf5 37. b5 Ra8 38. Rf7+ Kg4 39. b6 Rxa2+ 40. Kg1 Ne2+ 41. Kf1 Ng3+ 42. Kg1 Ra1+ 43. Kh2 Rh1+ 0-1

[Event "UZB-ch U20 Girls"]
[Site "Tashkent"]
[Date "2011.09.17"]
[Round "12"]
[White "Kakhramonova, Mokhinur"]
[Black "Sabirova, Jannet"]
[Result "1-0"]
[WhiteElo "1886"]
[BlackElo "1828"]
[PlyCount "66"]
[EventDate "2011.09.06"]
[EventType "tourn"]
[EventRounds "13"]
[EventCountry "UZB"]
[SourceTitle "CBM 144 Extra"]
[Source "ChessBase"]
[SourceDate "2011.10.28"]
[SourceVersion "1"]
[SourceVersionDate "2011.10.28"]
[SourceQuality "1"]

1. e4 c5 2. Nf3 e6 3. d4 cxd4 4. Nxd4 a6 5. Nc3 Qc7 6. Be3 Nf6 7. a3 b5 8. Be2 b4 9. axb4 Bxb4 10. Ndb5 Qc6 11. Qd4 a5 12. 0-0 Bb7 13. Bf3 0-0 14. e5 Nd5 15. Nxd5 exd5 16. c4 Na6 17. Bxd5 Qc8 18. Qg4 Bxd5 19. Bh6 g6 20. cxd5 Re8 21. Qd4 Qc5 22. Qxc5 Bxc5 23. Rxa5 Nb4 24. Rxa8 Rxa8 25. Nc3 Nd3 26. Ne4 Bd4 27. Nf6+ Kh8 28. Be3 Bxe5 29. Nxd7 Bxb2 30. g3 Bd4 31. Bxd4+ Kg8 32. Nf6+ Kf8 33. Nxh7+ Ke7 1-0

[Event "UZB-ch U20 Girls"]
[Site "Tashkent"]
[Date "2011.09.10"]
[Round "5"]
[White "Kakhramonova, Mokhinur"]
[Black "Verbova, Polina"]
[Result "1-0"]
[WhiteElo "1886"]
[BlackElo "1906"]
[PlyCount "103"]
[EventDate "2011.09.06"]
[EventType "tourn"]
[EventRounds "13"]
[EventCountry "UZB"]
[SourceTitle "CBM 144 Extra"]
[Source "ChessBase"]
[SourceDate "2011.10.28"]
[SourceVersion "1"]
[SourceVersionDate "2011.10.28"]
[SourceQuality "1"]

1. e4 e5 2. Nf3 Nc6 3. Bc4 Nf6 4. d3 Be7 5. Nc3 d6 6. h3 Na5 7. Bb3 Nxb3 8. axb3 0-0 9. Be3 b6 10. g4 c6 11. Ne2 Qc7 12. Ng3 Rd8 13. g5 Ne8 14. Qe2 Be6 15. Nh4 Qd7 16. Nhf5 Bf8 17. h4 g6 18. Nh6+ Bxh6 19. gxh6 f6 20. d4 Qf7 21. f4 exf4 22. Bxf4 Nc7 23. 0-0 Qe7 24. Rae1 Re8 25. c4 Qd7 26. Bd2 Bg4 27. Qd3 Rf8 28. d5 c5 29. Bc3 Qe7 30. Rf4 Bd7 31. Ref1 Ne8 32. Qf3 Rd8 33. Qg2 Kh8 34. Kh1 a6 35. h5 g5 36. Nf5 Bxf5 37. Rxf5 Kg8 38. Rxf6 Rxf6 39. Qxg5+ Kf7 40. Bxf6 Nxf6 41. Qg7+ Ke8 42. Rxf6 Qxe4+ 43. Kg1 Qe1+ 44. Rf1 Qe3+ 45. Kg2 Qe2+ 46. Rf2 Qe4+ 47. Rf3 Qe2+ 48. Kg3 Qe1+ 49. Kg4 Qe4+ 50. Rf4 Qg2+ 51. Kf5 Qc2+ 52. Re4+ 1-0

[Event "Wch U14 Girls"]
[Site "Porto Carras"]
[Date "2010.10.30"]
[Round "11"]
[White "Pachon Gutierrez, Adriana Paola"]
[Black "Kakhramonova, Mokhinur"]
[Result "1-0"]
[WhiteElo "1923"]
[BlackElo "1811"]
[PlyCount "117"]
[EventDate "2010.10.20"]
[EventType "swiss"]
[EventRounds "11"]
[EventCountry "GRE"]
[SourceTitle "EXT 2011"]
[Source "ChessBase"]
[SourceDate "2010.11.26"]
[SourceVersion "1"]
[SourceVersionDate "2010.11.26"]
[SourceQuality "1"]

1. e4 c5 2. c3 d6 3. d4 cxd4 4. cxd4 Nf6 5. Nc3 Nc6 6. Nf3 Bg4 7. Be2 e6 8. h3 Bh5 9. d5 exd5 10. exd5 Bxf3 11. Bxf3 Ne5 12. 0-0 Be7 13. Bf4 0-0 14. Re1 Nfd7 15. Be4 f5 16. Bc2 Bg5 17. Bxg5 Qxg5 18. Bb3 Nc5 19. Nb5 Ncd3 20. Re3 f4 21. Rxd3 f3 22. g3 Nxd3 23. Qxd3 Qh6 24. Kh2 Rae8 25. Nd4 Qh5 26. Ne6 Rf6 27. Rc1 g5 28. Qd4 Rf7 29. Rc3 a6 30. Bd1 Qg6 31. Bxf3 h6 32. Kg2 Rb8 33. Qa7 Re8 34. Qb6 Rd7 35. Rc7 Ree7 36. Rc8+ Re8 37. Rc4 Ree7 38. h4 Re8 39. hxg5 Rf7 40. Be4 Qh5 41. g6 Rfe7 42. Qxd6 Qe2 43. Qb4 a5 44. Qc3 b5 45. Rd4 b4 46. Qd2 Qxd2 47. Rxd2 Rd7 48. Rc2 a4 49. Rc4 Rb8 50. Nc5 Ra7 51. d6 Kg7 52. d7 Kf6 53. Rd4 Ke7 54. Nb7 b3 55. axb3 axb3 56. d8Q+ Rxd8 57. Nxd8 Kf6 58. Rb4 Rd7 59. Nc6 1-0

[Event "Wch U14 Girls"]
[Site "Porto Carras"]
[Date "2010.10.28"]
[Round "9"]
[White "Kakhramonova, Mokhinur"]
[Black "Khademalsharieh, Sarasadat"]
[Result "0-1"]
[WhiteElo "1811"]
[BlackElo "2075"]
[PlyCount "84"]
[EventDate "2010.10.20"]
[EventType "swiss"]
[EventRounds "11"]
[EventCountry "GRE"]
[SourceTitle "EXT 2011"]
[Source "ChessBase"]
[SourceDate "2010.11.26"]
[SourceVersion "1"]
[SourceVersionDate "2010.11.26"]
[SourceQuality "1"]

1. e4 e5 2. Nf3 Nc6 3. Bc4 Bc5 4. c3 Nf6 5. d3 a6 6. Bb3 Ba7 7. h3 h6 8. Nbd2 d6 9. Nf1 Be6 10. Ng3 Qd7 11. Be3 Bxe3 12. fxe3 d5 13. exd5 Nxd5 14. Qe2 0-0 15. 0-0 Rad8 16. Ne4 Qe7 17. c4 Nb6 18. Rad1 Bf5 19. Ng3 Bg6 20. a3 Rfe8 21. e4 Nd7 22. Ba2 a5 23. Qc2 Nc5 24. Rfe1 Ne6 25. Ne2 Qc5+ 26. Kh1 Bh5 27. g4 Bg6 28. Nh4 Qf2 29. Ng2 Qf3 30. Ng1 Qf6 31. Rf1 Qe7 32. Qf2 Nc5 33. Qg3 Rd6 34. Qf3 Red8 35. Bb1 Qd7 36. Nh4 Bxe4 37. dxe4 Rxd1 38. Rf2 Rxb1 39. Nf5 Nd3 40. Rd2 Ne1 41. Rxd7 Nxf3 42. Rxd8+ Nxd8 0-1

[Event "Wch U14 Girls"]
[Site "Porto Carras"]
[Date "2010.10.26"]
[Round "7"]
[White "Fataliyeva, Ulviyya Hasil Qizi"]
[Black "Kakhramonova, Mokhinur"]
[Result "1-0"]
[WhiteElo "1959"]
[BlackElo "1811"]
[PlyCount "69"]
[EventDate "2010.10.20"]
[EventType "swiss"]
[EventRounds "11"]
[EventCountry "GRE"]
[SourceTitle "EXT 2011"]
[Source "ChessBase"]
[SourceDate "2010.11.26"]
[SourceVersion "1"]
[SourceVersionDate "2010.11.26"]
[SourceQuality "1"]

1. e4 c5 2. Nf3 d6 3. d4 cxd4 4. Nxd4 Nf6 5. Nc3 g6 6. Be3 Bg7 7. f3 a6 8. Qd2 Nc6 9. Bc4 Qc7 10. Bb3 b5 11. Nxc6 Qxc6 12. Nd5 Bb7 13. Bh6 Bxh6 14. Nxf6+ exf6 15. Qxh6 Ke7 16. 0-0-0 Rac8 17. Rd2 a5 18. Rhd1 Rcd8 19. Bd5 Qc7 20. Qg7 Bxd5 21. exd5 Rhf8 22. Re1+ Kd7 23. Qxf6 Kc8 24. Re7 Qc4 25. b3 Qc5 26. Rd3 b4 27. Rxf7 Rxf7 28. Qxf7 Qg1+ 29. Kb2 Qxh2 30. Re3 Rd7 31. Qe8+ Kc7 32. Qa8 Qh4 33. Re4 Qf6+ 34. Kb1 Rd8 35. Qa7+ 1-0

[Event "Wch U14 Girls"]
[Site "Porto Carras"]
[Date "2010.10.24"]
[Round "6"]
[White "Kakhramonova, Mokhinur"]
[Black "Osmanodja, Filiz"]
[Result "1/2-1/2"]
[WhiteElo "1811"]
[BlackElo "2059"]
[PlyCount "98"]
[EventDate "2010.10.20"]
[EventType "swiss"]
[EventRounds "11"]
[EventCountry "GRE"]
[SourceTitle "EXT 2011"]
[Source "ChessBase"]
[SourceDate "2010.11.26"]
[SourceVersion "1"]
[SourceVersionDate "2010.11.26"]
[SourceQuality "1"]

1. e4 c5 2. Nf3 d6 3. d4 cxd4 4. Nxd4 Nf6 5. Nc3 Nc6 6. Be2 e5 7. Nb3 Be7 8. Be3 0-0 9. 0-0 a5 10. a4 Nb4 11. Qd2 Bd7 12. f3 Bc6 13. Rfd1 Qc7 14. Bd3 b6 15. Qf2 Rab8 16. Kh1 Kh8 17. Nd2 d5 18. exd5 Nfxd5 19. Nxd5 Nxd5 20. Be4 f5 21. Bxd5 Bxd5 22. Nb3 Be6 23. f4 Bd6 24. fxe5 Bxe5 25. Nd4 Bc4 26. b3 Bd5 27. c4 Bg8 28. Nb5 Qe7 29. Rab1 Qf6 30. Bd4 Bxd4 31. Rxd4 Qe7 32. Rd6 Rf6 33. Rbd1 Qe5 34. h3 Rxd6 35. Rxd6 Qa1+ 36. Kh2 Qe5+ 37. g3 Qc5 38. Qxc5 bxc5 39. Kg2 Re8 40. Kf3 Re1 41. Rc6 Rb1 42. Rxc5 Rxb3+ 43. Kf4 Rb4 44. Kxf5 Rxc4 45. Rxc4 Bxc4 46. Ke4 g5 47. Kd4 Be6 48. h4 gxh4 49. gxh4 Kg7 1/2-1/2

[Event "Wch U14 Girls"]
[Site "Porto Carras"]
[Date "2010.10.24"]
[Round "5"]
[White "Kakhramonova, Mokhinur"]
[Black "Shamatava, Ana"]
[Result "1/2-1/2"]
[WhiteElo "1811"]
[BlackElo "1922"]
[PlyCount "102"]
[EventDate "2010.10.20"]
[EventType "swiss"]
[EventRounds "11"]
[EventCountry "GRE"]
[SourceTitle "EXT 2011"]
[Source "ChessBase"]
[SourceDate "2010.11.26"]
[SourceVersion "1"]
[SourceVersionDate "2010.11.26"]
[SourceQuality "1"]

1. d4 Nf6 2. c4 e6 3. Nc3 Bb4 4. Nf3 0-0 5. Bg5 d5 6. e3 b6 7. cxd5 exd5 8. Bd3 h6 9. Bh4 Bb7 10. 0-0 Bxc3 11. bxc3 Qd6 12. Bg3 Qe7 13. Ne5 Nbd7 14. Nxd7 Qxd7 15. Qc2 Ne4 16. Bxe4 dxe4 17. c4 Rfe8 18. a4 a5 19. Rfc1 Ba6 20. Qd2 Rec8 21. c5 Bd3 22. h3 Qe6 23. Ra2 Qb3 24. Rc3 Qb4 25. Qb2 bxc5 26. Rxc5 Ra7 27. Qxb4 axb4 28. Rb2 Rxa4 29. Bxc7 Ra1+ 30. Kh2 Rb1 31. Rxb1 Bxb1 32. d5 Ba2 33. d6 Be6 34. Rb5 b3 35. Kg3 g5 36. f4 exf3 37. gxf3 Kf8 38. d7 Bxd7 39. Bd6+ Kg7 40. Rxb3 Rc1 41. h4 Rg1+ 42. Kf2 Rd1 43. Be5+ f6 44. Bg3 Bc6 45. hxg5 hxg5 46. e4 g4 47. Rb6 Rc1 48. fxg4 Bxe4 49. Bh4 Rc6 50. Rb4 Bd5 51. Rd4 Bb3 1/2-1/2

[Event "UZB-ch U20 Girls"]
[Site "Tashkent"]
[Date "2010.09.15"]
[Round "11"]
[White "Kakhramonova, Mokhinur"]
[Black "Sabirova, Jannet"]
[Result "1-0"]
[WhiteElo "1811"]
[BlackElo "1810"]
[PlyCount "77"]
[EventDate "2010.09.05"]
[EventType "tourn"]
[EventRounds "13"]
[EventCountry "UZB"]
[SourceTitle "CBM 138 Extra"]
[Source "ChessBase"]
[SourceDate "2010.10.29"]
[SourceVersion "1"]
[SourceVersionDate "2010.10.29"]
[SourceQuality "1"]

1. e4 c5 2. Nf3 d6 3. d4 cxd4 4. Nxd4 Nf6 5. Nc3 e5 6. Nb3 h6 7. Be2 Be6 8. 0-0 a6 9. a4 Nbd7 10. Be3 Nb6 11. Nd2 Rc8 12. f3 Be7 13. a5 Nc4 14. Nxc4 Bxc4 15. Bxc4 Rxc4 16. Qd3 Rc6 17. Nd5 Nxd5 18. exd5 Rc8 19. c4 0-0 20. b4 f5 21. Rab1 Bg5 22. Bb6 Qe8 23. Rfe1 Qa4 24. c5 Be7 25. Rec1 Qe8 26. c6 bxc6 27. dxc6 Qf7 28. Qxa6 d5 29. Qe2 Bd6 30. b5 e4 31. Bc5 Bxc5+ 32. Rxc5 d4 33. Qc4 d3 34. Qxf7+ Rxf7 35. fxe4 fxe4 36. Re5 d2 37. Rxe4 Rd8 38. Rd1 Rdf8 39. Rd4 1-0